| 000 | 00892nam a2200289 i 4500 | ||
|---|---|---|---|
| 001 | 000012701 | ||
| 003 | DO-SdBNP | ||
| 005 | 20250211085353.0 | ||
| 007 | ta | ||
| 008 | 091116s1995 dr a 000 f spa d | ||
| 020 | _a2910484025 | ||
| 040 |
_aDO-SdBNP _bspa _cBNPHU _erda |
||
| 041 | _hspa | ||
| 082 |
_aRD863.44 _bP579f _222 |
||
| 100 | 1 |
_aPiña-Contreras, Guillermo _95716 _eautor |
|
| 245 | 1 | 0 |
_aFantasma de una lejana fantasía / _cGuillermo Piña-Contreras. |
| 264 | 1 |
_aParis, France _bAntoine Soriano ; _bFundación Cultural Dominicana, _c1995. |
|
| 300 |
_a107 páginas _bilustraciones _c24 cm. |
||
| 336 |
_2rdacontent _atexto _btxt |
||
| 337 |
_2rdamedia _asin mediación _bn |
||
| 338 |
_2rdacarrier _avolumen _bnc |
||
| 590 | _aInventariado, 2024/ YL | ||
| 650 | 0 |
_aNovela dominicana _9223 |
|
| 650 | 0 |
_aLiteratura dominicana. _967 |
|
| 910 | _aYLockward | ||
| 942 |
_2ddc _cLBS1 |
||
| 999 |
_c12352 _d12352 |
||